| 000 | 00429nam a22001577a 4500 | ||
|---|---|---|---|
| 003 | mut | ||
| 005 | 20240606081239.0 | ||
| 008 | 171009b xxu||||| |||| 00| 0 eng d | ||
| 020 | _a0176065911 | ||
| 040 | _cmut | ||
| 050 |
_aPE 3235 _b.I77 1997 |
||
| 245 | _aITP Nelson Canadian dictionary of the English language | ||
| 260 |
_aToronto _bITP Nelson _c1997 |
||
| 650 |
_aEnglish language _zCanada _vDictionaries |
||
| 942 |
_2lcc _cREF |
||
| 999 |
_c12981 _d12981 |
||